| Tag |
First Indicator |
Second Indicator |
Subfields |
| LEADER |
00000cam a2200000Ia 4500 |
| 001 |
in00002201614 |
| 005 |
20151104092003.0 |
| 008 |
061116s2006 enk a 000 0 eng d |
| 035 |
|
|
|a (OCoLC)ocm76174177
|
| 040 |
|
|
|a JCR
|c JCR
|d JCR
|d TXA
|d UtOrBLW
|
| 049 |
|
|
|a TXAM
|
| 090 |
|
|
|a TA1057.A1
|b T78 no.113.2
|
| 245 |
0 |
0 |
|a Intermodal passenger transport update (2000-2006).
|
| 264 |
|
1 |
|a Wokingham, Berkshire :
|b TRL Information Centre,
|c [2006]
|
| 264 |
|
4 |
|c ©2006
|
| 300 |
|
|
|a 26 pages ;
|c 30 cm.
|
| 336 |
|
|
|a text
|b txt
|2 rdacontent
|
| 337 |
|
|
|a unmediated
|b n
|2 rdamedia
|
| 338 |
|
|
|a volume
|b nc
|2 rdacarrier
|
| 490 |
1 |
|
|a Current topics in transport,
|x 1464-1380 ;
|v no. 113.2
|
| 500 |
|
|
|a "November 2006."
|
| 650 |
|
0 |
|a Transportation
|v Abstracts.
|
| 710 |
2 |
|
|a TRL Information Centre.
|
| 830 |
|
0 |
|a Current topics in transport.
|x 1464-1380 ;
|v no. 113.2.
|
| 994 |
|
|
|a C0
|b TXA
|
| 948 |
|
|
|a cataloged
|b h
|c 2006/12/4
|d c
|e blrosas
|f 2:10:56 pm
|
| 999 |
|
|
|a MARS
|
| 999 |
f |
f |
|s 73453c17-7149-385d-a7dc-7e14a6a7f8bd
|i 6ffe6586-18c1-3214-a9a0-ac2de0361c31
|t 0
|
| 952 |
f |
f |
|p ric
|a Texas A&M University
|b Rellis Campus
|c Joint Library Facility
|d Remote Storage
|t 0
|e TA1057.A1 T78 no.113.2
|h Library of Congress classification
|i unmediated -- volume
|m A14835116419
|
| 998 |
f |
f |
|a TA1057.A1 T78 no.113.2
|t 0
|l Remote Storage
|